What the New Testament authors really cared about : (Record no. 4850)

MARC details
000 -LEADER
fixed length control field 01093cam a22002774a 4500
001 - CONTROL NUMBER
control field 15206327
003 - CONTROL NUMBER IDENTIFIER
control field GBCCL
005 - DATE AND TIME OF LATEST TRANSACTION
control field 20241126110528.0
008 - FIXED-LENGTH DATA ELEMENTS--GENERAL INFORMATION
fixed length control field 080305s2008 miua b 001 0 eng
010 ## -
-- 2008010166
020 ## - INTERNATIONAL STANDARD BOOK NUMBER
International Standard Book Number 9780825425394
040 ## - CATALOGING SOURCE
Original cataloging agency DLC
Transcribing agency DLC
Modifying agency DLC
050 00 -
-- BS2330.3
-- .W53 2008
082 00 - DEWEY DECIMAL CLASSIFICATION NUMBER
Classification number 225.61
Edition information 22
Item number WHA
245 00 - TITLE STATEMENT
Title What the New Testament authors really cared about :
Remainder of title a survey of their writings /
Statement of responsibility, etc. edited by Kenneth Berding and Matt Williams.
260 ## - PUBLICATION, DISTRIBUTION, ETC.
Place of publication, distribution, etc. Grand Rapids, MI :
Name of publisher, distributor, etc. Kregel Publications,
Date of publication, distribution, etc. c2008.
300 ## - PHYSICAL DESCRIPTION
Extent 240 p. :
Other physical details col. ill., col. maps ;
Dimensions 24 cm.
504 ## - BIBLIOGRAPHY, ETC. NOTE
Bibliography, etc. note Includes bibliographical references and index.
630 00 - SUBJECT ADDED ENTRY--UNIFORM TITLE
Uniform title Bible.
Name of part/section of a work New Testament
Form subdivision Introductions.
9 (RLIN) 3504
700 1# - ADDED ENTRY--PERSONAL NAME
Personal name Berding, Kenneth.
9 (RLIN) 8839
700 1# - ADDED ENTRY--PERSONAL NAME
Personal name Williams, Matthew C.
9 (RLIN) 8840
856 41 - ELECTRONIC LOCATION AND ACCESS
Materials specified Table of contents only
Uniform Resource Identifier <a href="http://www.loc.gov/catdir/toc/ecip0812/2008010166.html">http://www.loc.gov/catdir/toc/ecip0812/2008010166.html</a>
906 ## - LOCAL DATA ELEMENT F, LDF (RLIN)
a 7
b cbc
c orignew
d 1
e ecip
f 20
g y-gencatlg
942 ## - ADDED ENTRY ELEMENTS (KOHA)
Source of classification or shelving scheme Dewey Decimal Classification
Koha item type Books
Koha issues (borrowed), all copies 14
Holdings
Withdrawn status Lost status Source of classification or shelving scheme Damaged status Not for loan Home library Current Library Shelving location Date acquired Total checkouts Full call number Barcode Date last seen Date last checked out Copy number Price effective from Koha item type
    Dewey Decimal Classification     GRACE BIBLE COLLEGE GRACE BIBLE COLLEGE Biblical Studies 2018-02-09 15 225.61 WHA 014630 2025-05-01 2025-01-28 c.1 2018-02-09 Books
© Grace Bible College Library 2025